| 000 | 00709nam a2200217 a 4500 | ||
|---|---|---|---|
| 999 |
_c2360 _d2360 |
||
| 005 | 20200104041531.0 | ||
| 008 | 140121b2002 ck ||||| |||| 00| 0 spa d | ||
| 040 |
_aCO-BoIAVH _cCO-BoIAVH |
||
| 041 | _aspa | ||
| 044 | _ack | ||
| 090 |
_aIAvH _b00176 |
||
| 110 | 2 |
_bInstituto de Investigación de Recursos Biológicos Alexander von Humboldt _9204 |
|
| 245 | 1 | 0 |
_aPlan de aprovechamiento y uso de recursos naturales: _bguía para empresarios de biocomercio |
| 260 |
_aBogotá: _bInstituto Alexander von Humboldt, _c2002. |
||
| 300 | _a47 p. | ||
| 650 | 5 |
_aBioempresas _xGuías _989528 |
|
| 650 | 6 |
_aUso sostenible _9344 |
|
| 662 | _aColombia | ||
| 700 | 1 |
_aBecerra, María Teresa _94389 |
|
| 942 |
_cLIBRO _2z _01 |
||